000 00254 a2200085 4500
020 _a9788090762831
100 _aDavid Drazil
245 _aSketch Like an Architect: Advanced Techniques in Architectural Sketching: 2
260 _b Sketch Like an Architect
_c2021
999 _c13489
_d13489